Medizinische Fachrichtungen - Statistiken

Allgemein
  • Dieses Quiz wurde 406 mal gespielt
  • Das Durchschnittsergebnis liegt bei 12 aus 17
Answers on the Grid
Answers color-coded by a green-red scale on the quiz's grid according to % correct below.
Gynäkologie
Ophthalmologie
Allergologie
Angiologie
Gemologie
Urologie
Natalogie
Neonatologie
Fentologie
Dermatologie
Gamologie
Simmologie
Radiologie
Neurologie
Perologie
Psychiatrie
Kigametrie
Geriatrie
Gastroenterologie
Telemetrie
Bamologie
Nekrologie
Pathologie
Kardiologie
Lumbalogie
Orthopädie
Binologie
Palologie
Chirurgie
Anästhesie
 
Antwortstatistiken
Antwort % Korrekt
Gynäkologie
98%
Radiologie
82%
Urologie
81%
Neurologie
79%
Chirurgie
78%
Dermatologie
78%
Orthopädie
76%
Kardiologie
74%
Psychiatrie
74%
Anästhesie
71%
Pathologie
70%
Gastroenterologie
67%
Geriatrie
57%
Allergologie
53%
Neonatologie
41%
Ophthalmologie
38%
Angiologie
36%
Keine übereinstimmenden Quizze gefunden
Verteilung der Resultate
Anzahl Personen mit jedem Resultat
Perzentil nach korrekt beantworteten Fragen
Ihre Resultats-Entwicklung
Sie haben dieses Quiz noch nicht gespielt